Personnages d'anime en images - L - Statistiques

Statistiques générales
  • Ce quiz a été pris 539 fois
  • Le résultat moyen est 9 sur 20
Statistiques - réponses
Par images Réponse % Correct
Monkey D. Luffy
99%
Light Yagami
94%
Livaï Ackermann
92%
Lucy Heartfilia
84%
Leolio Paradinaito
83%
Trafalgar Law
82%
Lelouch Lamperouge
73%
Loid Forger
56%
Hershel Layton
47%
Lust
29%
Arsène Lupin III
21%
Lillie
20%
Luna
18%
Lin Yao
17%
Legoshi
16%
Leif Ericson
14%
Leone
9%
Love Aikawa
9%
Lolopechka
4%
Luculia Marlborough
1%
Aucun quiz correspondant
Distribution des résultats
% des personnes avec chaque résultat
Percentile par nombre de réponses
Votre historique - résultats
Vous n’avez pas pris ce quiz